UM Logo

Embedded systems : (Record no. 14588)

MARC details
000 -LEADER
fixed length control field 01248cam a22003378i 4500
001 - CONTROL NUMBER
control field 20677005
005 - DATE AND TIME OF LATEST TRANSACTION
control field 20191014113214.0
006 - FIXED-LENGTH DATA ELEMENTS--ADDITIONAL MATERIAL CHARACTERISTICS
fixed length control field m |o d |
007 - PHYSICAL DESCRIPTION FIXED FIELD--GENERAL INFORMATION
fixed length control field cr_|||||||||||
008 - FIXED-LENGTH DATA ELEMENTS--GENERAL INFORMATION
fixed length control field 180920s2019 nju ob 001 0 eng
010 ## - LIBRARY OF CONGRESS CONTROL NUMBER
LC control number 2018045459
020 ## - INTERNATIONAL STANDARD BOOK NUMBER
Canceled/invalid ISBN 978-1-119-45750-3 (hardcover)
040 ## - CATALOGING SOURCE
Original cataloging agency DLC
Language of cataloging eng
Description conventions rda
Transcribing agency DLC
042 ## - AUTHENTICATION CODE
Authentication code pcc
050 10 - LIBRARY OF CONGRESS CALL NUMBER
Classification number TK7895.E42
082 00 - DEWEY DECIMAL CLASSIFICATION NUMBER
Classification number DC 006.22
Edition number 2019
Item number P337
100 1# - MAIN ENTRY--PERSONAL NAME
Personal name Peckol, James K.,
Relator term author.
9 (RLIN) 40362
245 10 - TITLE STATEMENT
Title Embedded systems :
Remainder of title a contemporary design tool /
Statement of responsibility, etc. James K. Peckol, Ph.D., University of Washington.
250 ## - EDITION STATEMENT
Edition statement 2nd edition.
260 ## - PUBLICATION, DISTRIBUTION, ETC. (IMPRINT)
Place of publication, distribution, etc. New Jersey :
Name of publisher, distributor, etc. John Wiley & Sons, Inc.,
Date of publication, distribution, etc. ©2019.
263 ## - PROJECTED PUBLICATION DATE
Projected publication date 1901
300 ## - PHYSICAL DESCRIPTION
Extent lxi, 1107 pages :
Other physical details illustrations ;
Dimensions 26 cm
504 ## - BIBLIOGRAPHY, ETC. NOTE
Bibliography, etc Includes bibliographical references and index.
650 #0 - SUBJECT ADDED ENTRY--TOPICAL TERM
Topical term or geographic name as entry element Embedded computer systems.
9 (RLIN) 39825
650 #0 - SUBJECT ADDED ENTRY--TOPICAL TERM
Topical term or geographic name as entry element Object-oriented methods (Computer science)
9 (RLIN) 2519
776 08 - ADDITIONAL PHYSICAL FORM ENTRY
Relationship information Print version:
Main entry heading Peckol, James K., author.
Title Embedded systems
Edition 2nd edition.
Place, publisher, and date of publication Hoboken, NJ : John Wiley & Sons, Inc., 2019
International Standard Book Number 9781119457503
Record control number (DLC) 2018039258
365 ## - TRADE PRICE
Price amount 13,500.00
Currency code Php
906 ## - LOCAL DATA ELEMENT F, LDF (RLIN)
a 7
b cbc
c origcop
d 1
e ecip
f 20
g y-gencatlg
942 ## - ADDED ENTRY ELEMENTS (KOHA)
Source of classification or shelving scheme Dewey Decimal Classification
Koha item type Circulation
Holdings
Withdrawn status Lost status Source of classification or shelving scheme Damaged status Not for loan Collection code Home library Current library Date acquired Source of acquisition Cost, normal purchase price Total Checkouts Full call number Barcode Date last seen Copy number Price effective from Koha item type
    Dewey Decimal Classification     Circulation UM Digos College - LIC UM Digos College - LIC 08/08/2019 Purchased 13500.00   DC 006.22 P337 2019 25724 05/15/2025 1 10/14/2019 Circulation